00220 a2200097 450000100060000008200180000610000180002424500280004226000350007030000170010558027 a629.13435 SAE aSaeed Farokhi aAircraft Propulsion, 1e aUSAbJohn Wiley And Sonsc2009 axxvi, 786 p.